00572cam a22002051 4500001001300000003000400013005001700017008004100034010001700075035001900092040001700111042001200128050001300140100002700153245002500180260010500205300002600310650001300336999001700349sa 65007899 DLC20260227112152.0791210s1964 ii a 000 0 eng  asa 65007899  a(OCoLC)5778688 aDLCcIUdDLC apremarc00aAM5b.P71 aPrakash, Satya,d1914-10aMuseums and society. a[Baroda]bDept. of Museology, Faculty of Fine Arts, Maharaja Sayajirao University of Barodac[1964]. a59 p.billus.c18 cm. 0aMuseums. c65431d65431